000 00541nam a2200181Ia 4500
005 20250508155733.0
008 008 250505s9999 xx 000 0 eng d
037 _aBooks to be hide in OPAC
040 _aFEDL
_beng
_cFEDL
041 _aeng
_2eng
084 _a690.7, UNE/O
_qFEDL
245 0 _aStudy of utilization, design and cost of secondary schools
245 0 _cAsian Regional Institute for School Building Research
260 _c1971
300 _a182p.
942 _cHB
_h690.7, UNE/O
999 _c1359036
_d1359036